|
|
|
|
| LEADER |
00000cam a2200000 7i4500 |
| 001 |
0000013365 |
| 005 |
20080111.0 |
| 008 |
080111 |
| 020 |
|
|
|a 9830981487
|
| 090 |
0 |
0 |
|a 297.382
|b ABD
|
| 100 |
0 |
|
|a Abdullah Al-Qari Hj. Salleh
|
| 245 |
1 |
0 |
|a Wirid sembahyang nabi s.a.w
|c Abdullah Al-Qari Hj. Salleh
|
| 260 |
|
|
|a Selangor :
|b Pustaka Ilmi ,
|c 1999
|
| 650 |
|
0 |
|a Islamic meditations
|
| 650 |
|
0 |
|a Islam
|x Prayers and devotions
|
| 999 |
|
|
|a 0001008961
|b Book
|c Adult Collection
|e Perbadanan Perpustakaan Awam Johor
|
| 999 |
|
|
|a 0001008962
|b Book
|c Adult Collection
|e Perbadanan Perpustakaan Awam Johor
|
| 999 |
|
|
|a 0001008963
|b Book
|c Adult Collection
|e Perbadanan Perpustakaan Awam Johor
|